• 首页
  • 本馆介绍
  • 公告通知
  • 最新文献
  • 馆藏检索
  • 电子资源
  • 读者导购
  • 参考咨询
  • 我的图书馆
  • 登录
  • 详细信息显示
  • 放入我的书架
  • 预约/预借图书
  • 作者相关作品
  • 分类相关作品
  • 丛书相关作品
  • 出版社相关作品

书目信息

  • 表格格式
  • 工作单格式
  • 卡片格式
题名:
运动训练学
    
 
作者: ;全国体育院校教材委员会 审定
分册:  
出版信息: 北京   人民体育出版社  2000
页数: 461页
开本: 20cm
丛书名:
单 册:
中图分类: G808.1
科图分类:
主题词: 体育理论
电子资源:
ISBN: 7-5009-1991-3
000 00753nam0 2200229 450
001 0637649500
005 20070702172043.71
010    @a7-5009-1991-3@dCNY23.00
100    @a20060314d2000 km y0chiy0120 ea
101 0  @achi
102    @aCN@b110000
200 1  @a运动训练学@Ayun dong xun lian xue@f全国体育院校教材委员会审定@Fquan guo ti yu yuan xiao jiao cai wei yuan hui shen ding
205    @a2版
210    @a北京@c人民体育出版社@d2000
215    @a461页@d20cm
300    @a普通高等教育"九五"国家级重点教材
300    @a体育院校通用教材
606 0  @a体育理论
690    @aG808.1@v4
711  0 @a全国体育院校教材委员会@Aquan guo ti yu yuan xiao jiao cai wei yuan hui shen ding@4审定
801  0 @aCN@bPFT@c20070702
905    @a10447@dG808.1@e156=2
    
    运动训练学/全国体育院校教材委员会审定.-2版.-北京:人民体育出版社,2000
    461页;20cm
    普通高等教育"九五"国家级重点教材.-体育院校通用教材
    
    ISBN 7-5009-1991-3:CNY23.00
    
●
相关链接 在E读中查询图书 在五车中查询图书 在当当中查询图书 在豆瓣中查询图书


正题名:运动训练学     索取号:G808.1/156=2         预约/预借

序号 登录号 条形码 馆藏地/架位号 状态 备注
1 0339628   203396280   第一样本阅览室/ [索取号:G808.1/156=2] 在馆    
2 0339629   203396299   第四借阅区/ [索取号:G808.1/156=2] 在馆    
3 0339630   203396306   第四借阅区/ [索取号:G808.1/156=2] 在馆    
4 0764772   207647723   密集书库/ [索取号:G808.1/156=2] 在馆    
唐山师范学院图书馆 欢迎您!
大连网信软件有限公司© 版权所有